[Event "SBDU-ch"]
[Site "Duisburg"]
[Date "2013.11.29"]
[Round "6"]
[White "Meinert, Thomas"]
[Black "Grigat, Klaus Dieter"]
[Result "1-0"]
[WhiteElo "1887"]
[BlackElo "1787"]
[PlyCount "61"]
[EventDate "2013.09.13"]
[EventType "swiss"]
[EventRounds "7"]
[EventCountry "GER"]
[SourceTitle "EXT 2015"]
[Source "ChessBase"]
[SourceDate "2014.11.20"]
[SourceVersion "1"]
[SourceVersionDate "2014.11.20"]
[SourceQuality "1"]

1. f4 d5 2. Nf3 Nf6 3. e3 Nc6 4. Bb5 Bd7 5. 0-0 e6 6. b3 a6 7. Bxc6 Bxc6 8. Ne5 Bd7 9. Bb2 Bd6 10. d3 Qe7 11. Nd2 Ba3 12. Bxa3 Qxa3 13. Ndf3 h6 14. Qd2 Qd6 15. Rae1 c5 16. Qc3 0-0 17. Re2 Bc6 18. Qe1 b5 19. g4 Nd7 20. Qg3 f6 21. Nxc6 Qxc6 22. g5 hxg5 23. Rg2 Qd6 24. h4 Rf7 25. hxg5 f5 26. Rh2 Rb8 27. Qh4 Kf8 28. g6 Rf6 29. Qh8+ Ke7 30. Qxg7+ Kd8 31. Ne5 1-0

[Event "SBDU-ch"]
[Site "Duisburg"]
[Date "2013.10.11"]
[Round "3"]
[White "Meinert, Thomas"]
[Black "Sponheim, Marko"]
[Result "0-1"]
[WhiteElo "1887"]
[BlackElo "2036"]
[PlyCount "142"]
[EventDate "2013.09.13"]
[EventType "swiss"]
[EventRounds "7"]
[EventCountry "GER"]
[SourceTitle "EXT 2015"]
[Source "ChessBase"]
[SourceDate "2014.11.20"]
[SourceVersion "1"]
[SourceVersionDate "2014.11.20"]
[SourceQuality "1"]

1. c4 c5 2. Nc3 Nf6 3. Nf3 d5 4. cxd5 Nxd5 5. g3 Nc6 6. Bg2 Nc7 7. 0-0 e5 8. e3 Be7 9. d4 cxd4 10. exd4 exd4 11. Ne2 Bf6 12. Nf4 0-0 13. Nd3 Re8 14. b3 Bf5 15. Bb2 Nd5 16. Qd2 Nc3 17. Rfe1 Ne4 18. Qf4 Qd7 19. Nh4 Bxh4 20. Bxe4 Bxe4 21. Nc5 Qd5 22. Nxe4 Be7 23. Nd2 Rad8 24. Rad1 Bg5 25. Rxe8+ Rxe8 26. Qf3 Qxf3 27. Nxf3 Bf6 28. Rd2 Rd8 29. Kf1 Kf8 30. Ne1 Ke7 31. Nd3 b6 32. Ba3+ Kd7 33. h4 g6 34. Re2 a5 35. Ke1 h6 36. Kd2 g5 37. hxg5 hxg5 38. Re4 Re8 39. Rxe8 Kxe8 40. f4 Kd7 41. Nf2 gxf4 42. gxf4 Ke6 43. Kd3 Kf5 44. Ne4 Bg7 45. Bd6 Nb4+ 46. Bxb4 axb4 47. Nd6+ Ke6 48. Ne4 Bh6 49. Kxd4 Bxf4 50. Nf2 Bd6 51. Ne4 Be7 52. Ng3 Bh4 53. Nf1 Be1 54. Ke4 f5+ 55. Kf4 Kf6 56. Kf3 Ke5 57. Ne3 b5 58. Ke2 Bc3 59. Kf3 Bd2 60. Nc2 Kd5 61. Ke2 Bc3 62. Ne3+ Ke4 63. Nd1 Bd4 64. Kd2 f4 65. Ke2 Ke5 66. Kd3 Kd5 67. Kd2 Ke4 68. Ke2 f3+ 69. Kd2 Bc3+ 70. Kc2 Be5 71. Nb2 f2 0-1

[Event "SBDU-ch"]
[Site "Duisburg"]
[Date "2011.10.07"]
[Round "3"]
[White "Hampel, Ernst"]
[Black "Meinert, Thomas"]
[Result "1-0"]
[WhiteElo "1551"]
[BlackElo "1853"]
[PlyCount "135"]
[EventDate "2011.09.09"]
[EventType "swiss"]
[EventRounds "7"]
[EventCountry "GER"]
[SourceTitle "EXT 2015"]
[Source "ChessBase"]
[SourceDate "2014.11.20"]
[SourceVersion "1"]
[SourceVersionDate "2014.11.20"]
[SourceQuality "1"]

1. d4 d5 2. c4 c6 3. cxd5 cxd5 4. Nc3 Nc6 5. Nf3 Nf6 6. Bg5 Ne4 7. Rc1 Qa5 8. Qb3 e6 9. a3 Nxg5 10. Nxg5 Nxd4 11. Qa4+ Qxa4 12. Nxa4 Be7 13. Nf3 Nxf3+ 14. exf3 0-0 15. Bb5 a6 16. Bd3 Bf6 17. Rc2 Bd4 18. Ke2 Bd7 19. Nc5 Bc6 20. Rhc1 Bxc5 21. Rxc5 Rfc8 22. b4 Bd7 23. Rc7 Kf8 24. Kd2 h6 25. Rxd7 Rxc1 26. Kxc1 Rb8 27. Rc7 g5 28. Kd2 Kg7 29. g3 Kf6 30. Ke3 b5 31. h3 Rb6 32. f4 gxf4+ 33. Kxf4 Rd6 34. Kg4 e5 35. f3 Re6 36. Bh7 Kg7 37. Bf5 Rb6 38. Bd3 Re6 39. Kf5 Rf6+ 40. Kg4 Re6 41. Bf5 Rb6 42. Bd7 Rd6 43. Kf5 d4 44. Be8 d3 45. Bxf7 Rf6+ 46. Ke4 d2 47. Bb3+ Kg6 48. Bd1 Rd6 49. Kxe5 Rd3 50. Rc6+ Kg7 51. Rxa6 Re3+ 52. Kf4 Re1 53. Bc2 Rc1 54. Bb3 Rb1 55. Rd6 Rxb3 56. Rxd2 Rxa3 57. Rd5 Rc3 58. Rxb5 Rc4+ 59. Ke5 Rc3 60. Ke4 Rc4+ 61. Kd3 Rc1 62. Rb8 Rg1 63. g4 Rg3 64. Ke4 Rxh3 65. b5 Rh1 66. b6 Rb1 67. b7 Kf7 68. Rh8 1-0

[Event "Duisburg SBDU-ch"]
[Site "Duisburg Wohndorf Laar"]
[Date "2009.09.11"]
[Round "1"]
[White "Meinert, Thomas"]
[Black "Stermann, Sebastian"]
[Result "1/2-1/2"]
[WhiteElo "1816"]
[BlackElo "1436"]
[PlyCount "76"]
[EventDate "2009.09.11"]
[EventType "swiss"]
[EventRounds "7"]
[EventCountry "GER"]
[SourceTitle "EXT 2018"]
[Source "ChessBase"]
[SourceDate "2017.10.13"]
[SourceVersion "1"]
[SourceVersionDate "2017.10.13"]
[SourceQuality "1"]

1. c4 Nf6 2. Nc3 g6 3. g3 Bg7 4. Bg2 0-0 5. d3 d6 6. Bg5 c6 7. Qd2 e5 8. h4 Qc7 9. Bf3 h5 10. 0-0-0 Nbd7 11. Kb1 Nh7 12. Nh3 Ndf6 13. Rdg1 Be6 14. e4 Qd7 15. Bg2 d5 16. cxd5 cxd5 17. f4 dxe4 18. fxe5 Ng4 19. dxe4 Bxe5 20. Qxd7 Bxd7 21. Bf4 Bxc3 22. bxc3 Bc6 23. e5 Bxg2 24. Rxg2 Rac8 25. Kb2 Rc5 26. Re2 Re8 27. Rhe1 Rec8 28. Bd2 Re8 29. Bf4 Rec8 30. Bd2 Re8 31. e6 fxe6 32. Rxe6 Rxe6 33. Rxe6 Kf7 34. Nf4 Nhf6 35. Re2 a6 36. Kb3 Ne5 37. a4 Nfg4 38. Re4 b5 1/2-1/2

[Event "Duisburg SBDU-ch"]
[Site "Duisburg Wohndorf Laar"]
[Date "2008.10.22"]
[Round "4"]
[White "Meinert, Thomas"]
[Black "Waschkewitz, Stefan"]
[Result "1/2-1/2"]
[WhiteElo "1892"]
[BlackElo "1702"]
[PlyCount "47"]
[EventDate "2008.09.05"]
[EventType "swiss"]
[EventRounds "7"]
[EventCountry "GER"]
[SourceTitle "EXT 2018"]
[Source "ChessBase"]
[SourceDate "2017.10.13"]
[SourceVersion "1"]
[SourceVersionDate "2017.10.13"]
[SourceQuality "1"]

1. c4 g6 2. Nc3 Bg7 3. d4 d6 4. e4 Nc6 5. Be3 e5 6. Nge2 Nf6 7. f3 0-0 8. d5 Ne7 9. g4 Ne8 10. Qd2 f5 11. gxf5 gxf5 12. Bh6 Ng6 13. 0-0-0 fxe4 14. Bxg7 Nxg7 15. fxe4 Qh4 16. Ng3 Nf4 17. Nce2 Nh3 18. Bxh3 Bxh3 19. Qe3 Rf7 20. Rhe1 b6 21. Rd2 Raf8 22. Ng1 Kh8 23. Nxh3 Qxh3 24. Qg1 1/2-1/2

[Event "Niederrhein-ch"]
[Site "Krefeld"]
[Date "2007.04.06"]
[Round "8"]
[White "Meinert, Thomas"]
[Black "Vasiljev, Jurij"]
[Result "1/2-1/2"]
[WhiteElo "1884"]
[BlackElo "2032"]
[PlyCount "137"]
[EventDate "2007.03.30"]
[EventType "swiss"]
[EventRounds "9"]
[EventCountry "GER"]
[SourceTitle "EXT 2010"]
[Source "ChessBase"]
[SourceDate "2010.11.25"]
[SourceVersion "1"]
[SourceVersionDate "2010.11.25"]
[SourceQuality "1"]

1. c4 c5 2. Nc3 Nc6 3. Nf3 g6 4. g3 Bg7 5. Bg2 e6 6. 0-0 Nge7 7. e3 0-0 8. d4 cxd4 9. Nxd4 Nxd4 10. exd4 d6 11. Bg5 h6 12. Be3 Nf5 13. Qd2 Qc7 14. b3 Bd7 15. Rac1 a6 16. Ne4 Nxe3 17. fxe3 f5 18. Nc3 Kh7 19. e4 Qb6 20. Ne2 Bc6 21. c5 dxc5 22. dxc5 Qc7 23. Nf4 Rfe8 24. Qc2 Rad8 25. Nxg6 Bd4+ 26. Kh1 Kxg6 27. exf5+ exf5 28. Qxf5+ Kg7 29. Rf4 Bxg2+ 30. Kxg2 Qc6+ 31. Kh3 Qe6 32. Qxe6 Rxe6 33. Rd1 Rc8 34. Rfxd4 Rxc5 35. Rd7+ Kf6 36. Rxb7 Rh5+ 37. Kg2 Re2+ 38. Kf3 Rhxh2 39. Rd6+ Ke5 40. Re7+ Kxd6 41. Rxe2 Rh1 42. Re4 Kc5 43. Ra4 Kb5 44. Rh4 Rf1+ 45. Kg2 Rf6 46. a3 a5 47. Rf4 Rd6 48. Rf5+ Ka6 49. b4 axb4 50. axb4 Rb6 51. Rf4 Kb5 52. Kh3 Rd6 53. Kg4 Rg6+ 54. Kh4 Rd6 55. g4 Re6 56. Rd4 Rf6 57. Kg3 Ka4 58. Rf4 Rg6 59. Kf3 Re6 60. Rd4 Rf6+ 61. Ke4 Rf1 62. Ke5 Rh1 63. Kf5 Kb5 64. Kg6 Rh4 65. Rf4 Ka4 66. Kf5 Kb5 67. Re4 Ka4 68. Ke5 Kb5 69. Kd4 1/2-1/2

[Event "Niederrhein-ch"]
[Site "Krefeld"]
[Date "2007.03.31"]
[Round "2"]
[White "Meinert, Thomas"]
[Black "Thieme, Wolfgang"]
[Result "1/2-1/2"]
[WhiteElo "1884"]
[BlackElo "1787"]
[PlyCount "57"]
[EventDate "2007.03.30"]
[EventType "swiss"]
[EventRounds "9"]
[EventCountry "GER"]
[SourceTitle "EXT 2010"]
[Source "ChessBase"]
[SourceDate "2010.11.25"]
[SourceVersion "1"]
[SourceVersionDate "2010.11.25"]
[SourceQuality "1"]

1. c4 Nf6 2. Nc3 g6 3. d4 d5 4. Bg5 Ne4 5. Nxe4 dxe4 6. f3 Bg7 7. e3 c5 8. Qa4+ Bd7 9. Qd1 Qa5+ 10. Qd2 Qxd2+ 11. Kxd2 cxd4 12. exd4 Bxd4 13. fxe4 Bc6 14. Be2 Bxb2 15. Rb1 Ba3 16. Rb3 Bc5 17. Bf3 Nd7 18. Be3 Rd8 19. Ke2 e5 20. Nh3 Bxe3 21. Kxe3 Nc5 22. Rc3 Ke7 23. Nf2 Rd4 24. Rhc1 Rhd8 25. g4 Rd2 26. R1c2 R8d4 27. h4 Ba4 28. Rb2 Bc6 29. Rbc2 1/2-1/2

[Event "Duisburg Grossenbaum op"]
[Site "Duisburg"]
[Date "2005.05.13"]
[Round "1"]
[White "Berndt, Axel"]
[Black "Meinert, Thomas"]
[Result "1-0"]
[WhiteElo "2236"]
[BlackElo "1815"]
[PlyCount "51"]
[EventDate "2005.05.13"]
[EventType "swiss"]
[EventRounds "7"]
[EventCountry "GER"]
[SourceTitle "EXT 2006"]
[Source "ChessBase"]
[SourceDate "2005.11.24"]
[SourceVersion "1"]
[SourceVersionDate "2005.11.24"]
[SourceQuality "1"]

1. e4 c5 2. c3 d5 3. exd5 Qxd5 4. d4 Nf6 5. Nf3 e6 6. Na3 Qd8 7. Nc2 Nc6 8. Bd3 cxd4 9. Nfxd4 Nxd4 10. Nxd4 Bd7 11. Qb3 b6 12. Bg5 Be7 13. Rd1 Nd5 14. Bxe7 Qxe7 15. 0-0 0-0 16. Be4 Rad8 17. Bxd5 exd5 18. Rfe1 Qc5 19. Re5 Bc8 20. Rde1 Rd7 21. Nf5 Bb7 22. Qa4 Bc6 23. Qg4 g6 24. c4 h5 25. Qg5 Qxc4 26. Qf6 1-0

[Event "Duisburg Grossenbaum op"]
[Site "Duisburg"]
[Date "2004.05.31"]
[Round "7"]
[White "Meinert, Thomas"]
[Black "Schless, Sebastian"]
[Result "0-1"]
[WhiteElo "1768"]
[BlackElo "2059"]
[PlyCount "60"]
[EventDate "2004.05.28"]
[EventType "swiss"]
[EventRounds "7"]
[EventCountry "GER"]
[SourceTitle "EXT 2006"]
[Source "ChessBase"]
[SourceDate "2005.11.24"]
[SourceVersion "1"]
[SourceVersionDate "2005.11.24"]
[SourceQuality "1"]

1. c4 e5 2. Nc3 Nc6 3. Nf3 f5 4. d3 Nf6 5. g3 Bb4 6. Bg2 0-0 7. 0-0 Bxc3 8. bxc3 d6 9. Rb1 Qe8 10. Bg5 Qh5 11. Bxf6 Rxf6 12. e3 g5 13. Nd2 g4 14. h4 f4 15. Bd5+ Kh8 16. exf4 exf4 17. Ne4 Rf8 18. d4 Ne7 19. Bxb7 Bxb7 20. Rxb7 Nf5 21. Rb5 c6 22. Rxf5 Qxf5 23. Nxd6 Qe6 24. c5 fxg3 25. fxg3 Qe3+ 26. Kg2 Rab8 27. Qe1 Rb2+ 28. Kh1 Rxf1+ 29. Qxf1 Rf2 30. Qb1 Qf3+ 0-1

[Event "Duisburg Grossenbaum op"]
[Site "Duisburg"]
[Date "2004.05.30"]
[Round "4"]
[White "Just, Markus"]
[Black "Meinert, Thomas"]
[Result "0-1"]
[WhiteElo "1532"]
[BlackElo "1768"]
[PlyCount "43"]
[EventDate "2004.05.28"]
[EventType "swiss"]
[EventRounds "7"]
[EventCountry "GER"]
[SourceTitle "EXT 2006"]
[Source "ChessBase"]
[SourceDate "2005.11.24"]
[SourceVersion "1"]
[SourceVersionDate "2005.11.24"]
[SourceQuality "1"]

1. e4 c5 2. Nf3 Nc6 3. d4 cxd4 4. Nxd4 e5 5. Nb5 a6 6. Nd6+ Bxd6 7. Qxd6 Qf6 8. Qc7 Nge7 9. Nd2 b5 10. c3 Rb8 11. f4 d6 12. a4 Rb7 13. Qxb7 Bxb7 14. axb5 axb5 15. Bxb5 0-0 16. 0-0 exf4 17. Nc4 Ng6 18. Nb6 Nce5 19. b4 Bxe4 20. Rd1 d5 21. Nxd5 Qg5 22. Bf1 0-1

[Event "Duisburg op 10th"]
[Site "Duisburg"]
[Date "2003.06.07"]
[Round "1"]
[White "Meins, Gerlef"]
[Black "Meinert, Thomas"]
[Result "1-0"]
[WhiteElo "2436"]
[BlackElo "1846"]
[PlyCount "43"]
[EventDate "2003.06.07"]
[EventType "swiss"]
[EventRounds "7"]
[EventCountry "GER"]
[SourceTitle "EXT 2004"]
[Source "ChessBase"]
[SourceDate "2003.11.25"]
[SourceVersion "1"]
[SourceVersionDate "2003.11.25"]
[SourceQuality "1"]

1. d4 Nf6 2. c4 g6 3. Nc3 Bg7 4. e4 d6 5. Be2 0-0 6. Bg5 Nbd7 7. Qd2 Re8 8. h4 h5 9. f3 c6 10. Nh3 Qa5 11. Nf2 Nh7 12. Be3 a6 13. Rb1 e5 14. b4 Qc7 15. d5 c5 16. bxc5 Nxc5 17. Bxc5 Qxc5 18. Na4 Qc7 19. c5 Bd7 20. Nb6 dxc5 21. d6 Qc6 22. Bd1 1-0

[Event "Duisburg op 6th"]
[Site "Duisburg"]
[Date "1999.??.??"]
[Round "5"]
[White "Meinert, Thomas"]
[Black "Mainka, Gregor"]
[Result "0-1"]
[WhiteElo "1847"]
[BlackElo "2485"]
[PlyCount "69"]
[EventDate "1999.05.21"]
[EventType "swiss"]
[EventRounds "7"]
[EventCountry "GER"]
[SourceTitle "EXT 2004"]
[Source "ChessBase"]
[SourceDate "2003.11.25"]
[SourceVersion "1"]
[SourceVersionDate "2003.11.25"]
[SourceQuality "1"]

1. c4 g6 2. Nc3 c5 3. Nf3 Bg7 4. g3 b6 5. Bg2 Bb7 6. 0-0 Nc6 7. e3 d6 8. d4 Qd7 9. b3 h5 10. Bb2 Nh6 11. h4 cxd4 12. exd4 Nf5 13. Ne2 0-0 14. Bc3 Rad8 15. Qd3 e5 16. d5 Nce7 17. Ng5 Kh8 18. f4 Ng8 19. Bh3 Ngh6 20. Rae1 Kg8 21. Kh2 Rfe8 22. Ng1 Ng4+ 23. Bxg4 hxg4 24. fxe5 dxe5 25. h5 b5 26. hxg6 fxg6 27. Qe4 bxc4 28. bxc4 Rc8 29. Qxg4 Qa4 30. Rxf5 Qc2+ 31. Qe2 Qxe2+ 32. Rxe2 gxf5 33. Ne6 Rxc4 34. Nxg7 Kxg7 35. Rxe5 0-1

[Event "Duisburg op 6th"]
[Site "Duisburg"]
[Date "1999.??.??"]
[Round "2"]
[White "Splitthoff, Wilhelm"]
[Black "Meinert, Thomas"]
[Result "0-1"]
[WhiteElo "1471"]
[BlackElo "1847"]
[PlyCount "78"]
[EventDate "1999.05.21"]
[EventType "swiss"]
[EventRounds "7"]
[EventCountry "GER"]
[SourceTitle "EXT 2004"]
[Source "ChessBase"]
[SourceDate "2003.11.25"]
[SourceVersion "1"]
[SourceVersionDate "2003.11.25"]
[SourceQuality "1"]

1. e4 c5 2. c4 Nc6 3. Nf3 d6 4. d3 g6 5. Bd2 Bg7 6. Bc3 Nf6 7. Be2 0-0 8. 0-0 Bg4 9. Nbd2 a6 10. h3 Bd7 11. Nh2 b5 12. b3 b4 13. Bb2 a5 14. f4 a4 15. bxa4 Qb6 16. Bf3 Ra6 17. e5 Ne8 18. Re1 e6 19. Rb1 Ne7 20. exd6 Nxd6 21. Bxg7 Kxg7 22. Qe2 Nef5 23. g4 Nd4 24. Qf2 Bxa4 25. Nb3 Bxb3 26. axb3 Ra3 27. Bd1 Rd8 28. h4 Qc7 29. h5 Qe7 30. hxg6 hxg6 31. g5 N6f5 32. Ng4 Nc6 33. Ne5 Nxe5 34. Rxe5 Rxd3 35. Qxc5 Qb7 36. Re2 Rg3+ 37. Kh2 Qf3 38. Qe5+ Kh7 39. Qe4 Qh5# 0-1